Responses for Show #4750 - Friday, April 8, 2005

2005 Ultimate Tournament of Champions Round 1, game 43.

Contestants

[<< previous game]

Phil Yellman, a legal assistant from Seattle, Washington

Trevor Norris, a budget analyst from Washington, D.C.

Josh DenHartog, an actuarial technician from Thousand Oaks, California

[next game >>]

Jeopardy! Round responses

JON STEWART'S AMERICA
(Alex: Clues based on the book, of course.)
JOBS IN THE ARTS
NOBEL, PULITZER OR BOTH
I'LL TAKE MANHATTAN
"TOM"
LET'S ROCK!
    $200 19
Washington

Josh
    $200 23
(Josh: What's the cue card person?)
...
(Alex: Talking about stage now. Not usually cue cards. But here in television, sometimes.)

prompter

Josh
Triple Stumper
    $200 17
both

Phil
    $200 11
Fifth Avenue

Trevor
    $200 6
anatomy

Josh
    $200 1
The Rock & Roll Hall of Fame

Josh
    $400 13
Betsy Ross

Trevor
    $400 24
turn pages

Josh
    $400 18
Pulitzer

Josh
    $400 12
the Chrysler Building

Josh
    $400 7
a kleptomaniac

Trevor
    $400 2
(Phil: What is Schoolhouse Rock?)
...
(Alex: What is [*], not Schoolhouse.)

School of Rock

JoshPhil
    $600 20
Franklin

Josh
    $600 25
security guards

Trevor
    $600 28
Pulitzer

Phil
    $600 14
(Phil: Who is Trump?)

Rockefeller Center

TrevorPhil
    $1,200 8
a frontal lobotomy

Trevor
    $600 3
Rock the Vote

Josh
    $800 21
Iran

Phil
    $800 26
(Phil: What is a, uh...)

orthopedist

Phil
Triple Stumper
    $800 29
both

Josh
    $800 15
(Joseph) Papp

Phil
    $800 9
Tombstone

Trevor
    $800 4
Rock Star

Trevor
    $1000 22
Grant

Josh
    $1000 27
supernumerary

Phil
    $1000 30
Nobel

Phil
    $1000 16
Texas Guinan

Triple Stumper
    $1000 10
the Atomic Energy Commission

Phil
    $1000 5
"Those About To Rock"

Josh

Scores at the first commercial break (after clue 13):

Josh Trevor Phil
$2,800 $3,800 $600

Scores at the end of the Jeopardy! Round:

Josh Trevor Phil
$6,000 $5,000 $3,600

Double Jeopardy! Round responses

WORLD HISTORY
VERBS
"M"-A-NATIONS
FELIX, NOTHING MORE THAN FELIX
FASHION, HEAD TO FOOT
THANK YOU, I PREFER NOT TO ROCK
    $400 5
(Trevor: What is Hungary?)
...
[Applause for Phil's run of the category]
(Alex: Yes, Hitler. [To Phil] Well done, you got all the clues.)

Germany

TrevorPhil
    $400 6
ban

Triple Stumper
    $400 13
Mexico

Josh
    $400 15
gulag

Josh
    $400 25
(Trevor: What is chapeau?)
...
(Alex: Chapeau is hat, but [*] is French for shirt.)

chemise

Trevor
Triple Stumper
    $400 9
(Tony) Bennett

Josh
    $800 4
Nicaragua

Phil
    $1,600 7
(Phil: No thoughts.)
(Alex: Don't know it? You sure you're not [*]ing me? [*]? [*]ua?)

josh

Phil
    $800 16
Morocco

Phil
    $800 20
pope

Trevor
    $800 30
mules

Trevor
    $800 10
(Jeanette) MacDonald

Phil
    $1200 3
Israel

Phil
    $1200 8
throw

Josh
    $1200 17
Malta

Phil
    $1200 22
Mendelssohn

Josh
    $1200 29
(Phil: What's a heel?) [Originally ruled incorrect, reversed before Final Jeopardy!]

a skirt

Phil
    $1200 11
(Artie) Shaw

Phil
    $1600 1
the Domesday Book

Phil
    $1600 21
coping (cope accepted)

Josh
    $1600 18
Malaysia

Triple Stumper
    $1600 24
(Felix) Trinidad

Josh
    $1600 28
(Josh: What's a corset?)

a belt

JoshPhil
    $1600 12
(Django) Reinhardt

Josh
    $1,800 2
Vienna

Phil
    $2000 23
glad-handing

Phil
    $2000 19
Mali

Phil
    $2000 26
Felix Salten

Triple Stumper
    $2000 27
the Kangol

Trevor
    $2000 14
(Robert) Merrill

Phil

Scores at the end of the Double Jeopardy! Round:

Josh Trevor Phil
$12,800 $7,800 $20,600

[wagering suggestions for these scores]

Final Jeopardy! Round responses

CHILDREN'S LITERATURE
TrevorWhat is Green Eggs and Ham
$7,800
JoshWhat is Green Eggs & Ham?
$12,800
PhilWhat is Green Eggs And Ham?
$5,001
Green Eggs and Ham

Final scores:

Josh Trevor Phil
$25,600 $15,600 $25,601
2nd place: $5,000 3rd place: $5,000 Winner: $25,601 + an advance to UToC Round 2

Game dynamics:

Coryat scores:

Josh Trevor Phil
$12,800 $7,200 $22,400
20 R,
2 W
11 R
(including 1 DD),
2 W
21 R
(including 1 DD),
4 W
(including 1 DD)

Combined Coryat: $42,400

[game clues] [game scores] [suggest correction]

Game tape date: 2005-03-08
The J! Archive is created by fans, for fans. Scraping, republication, monetization, and malicious use prohibited; this site may use cookies and collect identifying information. See terms. The Jeopardy! game show and all elements thereof, including but not limited to copyright and trademark thereto, are the property of Jeopardy Productions, Inc. and are protected under law. This website is not affiliated with, sponsored by, or operated by Jeopardy Productions, Inc. Join the discussion at JBoard.tv.